The school of Shakespeare : (Record no. 20851)
[ view plain ]
| 000 -LEADER | |
|---|---|
| fixed length control field | 01224nam a22003131 4500 |
| 001 - CONTROL NUMBER | |
| control field | 20851 |
| 003 - CONTROL NUMBER IDENTIFIER | |
| rucl marc code | BD-RjUL |
| 005 - DATE AND TIME OF LATEST TRANSACTION | |
| control field | 20211209000623.0 |
| 008 - FIXED-LENGTH DATA ELEMENTS--GENERAL INFORMATION | |
| fixed length control field | 140302s1968 enk b 001 1 eng |
| 020 ## - INTERNATIONAL STANDARD BOOK NUMBER | |
| International Standard Book Number | 0521050448 |
| 035 ## - SYSTEM CONTROL NUMBER | |
| System control number | (BD-RjUL)20913 |
| 040 ## - CATALOGING SOURCE | |
| Original cataloging agency | DLC |
| Transcribing agency | DLC |
| Modifying agency | BD-RjUL |
| Language of cataloging | eng |
| 041 ## - LANGUAGE CODE | |
| Language code of text/sound track or separate title | eng |
| 082 00 - DEWEY DECIMAL CLASSIFICATION NUMBER | |
| Classification number | 822.33 |
| Author mark and year | FRS 1968 |
| 100 1# - MAIN ENTRY--PERSONAL NAME | |
| Personal name | Frost, David L. |
| Fuller form of name | (David Leonard), |
| Dates associated with a name | 1939- |
| 9 (RLIN) | 64398 |
| 245 14 - TITLE STATEMENT | |
| Title | The school of Shakespeare : |
| Statement of responsibility, etc. | David L. Frost. |
| Remainder of title | the influence of Shakespeare on English drama 1600-42 / |
| 260 ## - PUBLICATION, DISTRIBUTION, ETC. (IMPRINT) | |
| Place of publication, distribution, etc. | Cambridge : |
| Name of publisher, distributor, etc. | University Press, |
| Date of publication, distribution, etc. | c1968. |
| 300 ## - PHYSICAL DESCRIPTION | |
| Pagination | xi, 304 p. ; |
| Size | 22 cm. |
| 504 ## - BIBLIOGRAPHY, ETC. NOTE | |
| Bibliography, etc | Include bibliography and index. |
| 600 10 - SUBJECT ADDED ENTRY--PERSONAL NAME | |
| Personal name | Shakespeare, William, |
| Dates associated with a name | 1564-1616 |
| General subdivision | Influence. |
| 650 #0 - SUBJECT ADDED ENTRY--TOPICAL TERM | |
| Topical term or geographic name as entry element | English drama |
| Chronological subdivision | 17th century |
| General subdivision | History and criticism. |
| 9 (RLIN) | 51110 |
| Topical term or geographic name as entry element | Influence (Literary, artistic, etc.) |
| General subdivision | History |
| Chronological subdivision | 17th century. |
| 9 (RLIN) | 64400 |
| 651 #0 - SUBJECT ADDED ENTRY--GEOGRAPHIC NAME | |
| Geographic name | England |
| General subdivision | Intellectual life |
| Chronological subdivision | 17th century. |
| 9 (RLIN) | 60509 |
| 856 41 - ELECTRONIC LOCATION AND ACCESS | |
| Materials specified | Table of contents only |
| Uniform Resource Identifier | <a href="http://www.loc.gov/catdir/enhancements/fy1002/68011283-t.html">http://www.loc.gov/catdir/enhancements/fy1002/68011283-t.html</a> |
| Materials specified | Publisher description |
| Uniform Resource Identifier | <a href="http://www.loc.gov/catdir/enhancements/fy1002/68011283-d.html">http://www.loc.gov/catdir/enhancements/fy1002/68011283-d.html</a> |
| 942 ## - ADDED ENTRY ELEMENTS (KOHA) | |
| Source of classification or shelving scheme | Dewey Decimal Classification |
| Koha item type | Books |
| Lost status | Source of classification or shelving scheme | Damaged status | Not for loan | Collection code | Permanent Location | Current Location | Shelving location | Date acquired | Source of acquisition | Cost, normal purchase price | Total Checkouts | Full call number | Date last seen | Copy number | Koha item type |
|---|---|---|---|---|---|---|---|---|---|---|---|---|---|---|---|
| Dewey Decimal Classification | Added to bundle | Fiction | Central Library, University of Rajshahi | Central Library, University of Rajshahi | Reading Room | 28/02/1970 | Zetlinger | 55.00 | 822.33 FRS 1968 | 02/03/2014 | C-1 | Books |